| 000 | 01047nam2a22002531 4500 | ||
|---|---|---|---|
| 001 | rc\718172 | ||
| 005 | 20251209143411.0 | ||
| 010 | _a5-300-00728-2 | ||
| 035 | _a(NLR Aleph) 005961537 | ||
| 090 |
_a6855187 _c6855187 |
||
| 100 | _a20031121d1997 u y0rusy50 ca | ||
| 101 | 0 | _arus | |
| 102 | _aRU | ||
| 105 | _aa ||||||||| | ||
| 200 | 1 |
_aЗападня _f[Пер. М. Ромма] |
|
| 210 | _d1997 | ||
| 215 |
_a388, [1] с. _cил. |
||
| 461 | 0 |
_1001rc\184658 _12001#$aСобрание сочинений$eРугон-Маккары$eВ 20 т.$e[Пер. с фр.]$fЭмиль Золя$g[Сост. В. Пронин]$vТ. 7 _1700#1$aЗоля$bЭ.$gЭмиль$f1840-1902$3RU\NLR\AUTH\771440 _96476501 _aЗоля, Э. (1840-1902) _cМ. _d1996- _fЭмиль Золя _nИзд. центр "Терра" _oРугон-Маккары : В 20 т. : [Пер. с фр.] _tСобрание сочинений _y5300006866 _vТ. 7 |
|
| 801 | 0 |
_aRU _bNLR _gpsbo |
|
| 801 | 1 |
_aRU _bELAR _2rusmarc |
|
| 852 |
_aNLR _j96-5/3892 |
||
| 942 | _cBOOK | ||
| 980 | _aNB | ||